000 00770nam a22002297a 4500
003 0
005 20251028090054.0
008 251028b xxu||||| |||| 00| 0 eng d
020 _a978-1-98468-031-0
050 _aTX 911.3.M27
_b.T47 2023
110 _a3G E-Learning
245 _aA Visual reference to restaurant management and operations /
_c3G E-Learning.
250 _aSecond edition.
260 _aNew York, NY :
_b3G E-Learning LLC,
_c2023.
300 _a286 pages :
_bcolored illustrations ;
_c23 cm.
504 _aIncludes bibliographical references and index.
650 _aRestaurant management.
650 _aRestaurants
_xOperations management.
650 _aHospitality industry
_xManagement.
650 _aFood service management.
942 _2lcc
_cBK
999 _c368362
_d368362